Регионална библиотека "Любен Каравелов" - Русе

От местопрестъплението : Bulgaria (Запис номер 474986)

MARC детайли
000 -Лидер
Контролно поле с фиксирана дължина 01040nam a2200301 a 4500
003 - Код на организацията, давaща контролен номер
Контролно поле BLK
005 - Дата и час на последна редакция
Контролно поле 20241212140558.0
008 - Елементи от данни с фиксирана дължина
fixed length control field 221004b bul|||||r ||||||| ||bul||
010 ## - Наследен системен номер
LC control number KNG00139676000
020 ## - Международен стандартен номер на книга ISBN
Международен стандартен номер на книга ISBN 9786197624250
040 ## - Източник на каталожния запис
Идентификатор на билиотеката - собственик на записа BLK
041 ## - Код за език
Код за езика на текст/звукозапис или на отделно заглавие Български
Код за езика КДБФ Български
080 ## - УДК
Текстов определител УДК Българска литература
УДК код - определител по УДК 821.163.2
УДК определител -322.4
УДК - код + определител 821.163.2-322.4
080 ## - УДК
Текстов определител УДК Българска литература
УДК код - определител по УДК 821.163.2
УДК определител -293.7
УДК - код + определител 821.163.2-293.7
100 1# - Редна дума - Автор
Автор Георгиев, Людмил Руменов
Авторска отговорност първи автор
R(LIN) 260230
139 ## - Редно поле
Редна дума Георгиев, Людмил Руменов
Авторски знак Георгиев - Г 37
245 10 - Сведения за заглавието
Заглавие От местопрестъплението : Bulgaria
Редно поле (дума) Людмил Руменов Георгиев.
250 ## - Област на изданието
Сведения за изданието 2. доп. изд.
257 ## - Страна на издаване
Страна на създаване/издаване България
260 ## - Област на издателските данни
Място на издаване, разпространение и проч. София
Име на издателя, разпространителя и проч. Атеа Букс
Година на издаване 2022
300 ## - Физическа характеристика
Страници 306 с.
Размери/Мащаб 21 см
380 ## - Жанр
Жанр Худож. лит.
856 4# - Електронен адрес и достъп
Електронен формат pdf - файл
856 4# - Електронен адрес и достъп
Електронен формат pdf - файл
999 ## - СИСТЕМНИ КОНТРОЛНИ НОМЕРА
Koha biblionumber 474986
Koha biblioitemnumber 474986
942 ## - АРТИКУЛИ
Вид на библиотечния материал Книги
Скрит в OPAC Не
Koha issues (borrowed), all copies 21
Периодичен библиозапис Да
944 ## - СЪЗДАВАНЕ И РЕДАКЦИЯ на ЗАПИСА
Създаване/Редакция Създаване
Дата на регистрацията/редакция 2022-10-04
Служител, извършил регистрацията/редакцията 30531
Статус, дата на статуса Цветелина Шанова
999 ## - СИСТЕМНИ КОНТРОЛНИ НОМЕРА
Koha biblioitemnumber 474986
Наличности
Код за отписване Код за изгубен артикул Източник на класификационната схема Код за повреда Коз за рестрикции Код за отдаване Артикулен № Име на библиотеката - собственик Име на библиотеката, в която се намира в момента Статус (Текущо местоположение) Дата на вписване в системата Местоположение - отдел Цена в лева Систематично азбучна сигнатура Баркод Цена в евро Служебен тип на артикула
  Не е изгубен Universal Decimal Classification Не е повреден без рестрикции заемане за дома 907094 Регионална библиотека "Любен Каравелов" Русе Регионална библиотека "Любен Каравелов" Русе Заемна - подръчен фонд 2022-10-07 Заемна - подръчен фонд 11.18 821.163.2-32/Г 37 Л 120000878111 5.72 Книги
  Не е изгубен Universal Decimal Classification Не е повреден без рестрикции заемане за дома 907095 Регионална библиотека "Любен Каравелов" Русе Регионална библиотека "Любен Каравелов" Русе Заемна - подръчен фонд 2022-10-07 Заемна - подръчен фонд 11.18 821.163.2-32/Г 37 Л 120000878110 5.72 Книги
Vip Innovations Ltd, Rousse, Bulgaria 2025